Do nascer ao pôr do sol (Registo nº 5967)

Detalhes MARC
000 -Etiqueta do registo
Valores 00689cam a2200229 04500
010 ## - Número ISBN
ISBN 9722600583
100 ## - Dados gerais de processamento
Dados gerais 20211231d1988 a||a0pory5003 ba
200 1# - Titulo e menção de responsabilidade
Título próprio Do nascer ao pôr do sol
Primeira menção de responsabilidade il. Sarah Kay
Outras menções de responsabilidade texto Maria Goreti M. M. Pereira Portela
210 #9 - Publicação
Local de publicação [Porto]
Nome do editor Civilização,
Data de publicação cop. 1988
215 ## - Descrição física 
Paginação / Volumes [24] p.
Outras indicações físicas todo il.
Dimensões 29 cm
225 2# - Colecção 
Título próprio da colecção Sarah Kay
606 ## - Nome comum usado como assunto
ID Autoridade 14
Palavra de ordem Literatura infantil
606 ## - Nome comum usado como assunto
ID Autoridade 13
Palavra de ordem Literatura Estrangeira
675 ## - CDU
Notação 82-93
Edição BN
Língua por
675 ## - CDU
Notação 821.1/.8
Edição BN
Língua pr
700 ## - Autor principal (pessoa individual)
Apelido Kay
Nome Sarah
ID Autoridade 5646
701 ## - Co-autor principal (pessoa individual)
Apelido Portela
Nome Maria Goreti M.M.Pereira
ID Autoridade 5649
801 #0 - Fonte de origem
País PT
Agência BMVN
Regras de catalogação RPC
830 ## - Notas gerais do catalogador
Criado por Ana Caetano
Data de criação 31/12/2021
990 ## - Elementos KOHA
Tipo de documento Livro
Exemplares
Situação do levantamento Biblioteca de origem Código de barras Cota Permissão de empréstimo Tipo de documento Forma de aquisição
  Biblioteca Municipal de Vendas Novas 100000018612 LI EST/KAY   Livro  

Powered by Koha